| 000 | 01154nam a2200361 i 4500 | ||
|---|---|---|---|
| 001 | 200461800 | ||
| 003 | TR-AnTOB | ||
| 005 | 20240716092506.0 | ||
| 007 | ta | ||
| 008 | 240716s2005 tu b 001 e tur d | ||
| 020 |
_a9752981798 _q(paperback) |
||
| 020 |
_a9789752981799 _q(paperback) |
||
| 035 | _a(TR-AnTOB)200461800 | ||
| 040 |
_aTR-AnTOB _beng _erda _cTR-AnTOB |
||
| 041 | 1 |
_atur _hita |
|
| 050 | 4 |
_aB3317 _b.V38819 2005 |
|
| 090 |
_aB3317 _b.V38819 2005 |
||
| 100 | 1 |
_aVattimo, Gianni, _d1936- _eauthor _9146378 |
|
| 240 | 1 | 0 |
_aDialogo con Nietzsche. _lTurkish |
| 245 | 1 | 0 |
_aNietzsche ile diyalog / _cGianni Vattimo ; İtalyancadan çeviren: Durdu Kundakçı. |
| 246 | 1 | 4 |
_aNietzsche ile diyalog : _bdenemeler 1961-2000 |
| 250 | _aBirinci baskı. | ||
| 264 | 1 |
_aAnkara : _bDost Kitabevi, _c2005. |
|
| 300 |
_a251 pages ; _c20 cm |
||
| 336 |
_atext _btxt _2rdacontent |
||
| 337 |
_aunmediated _bn _2rdamedia |
||
| 338 |
_avolume _bnc _2rdacarrier |
||
| 504 | _aBIBINDX | ||
| 600 | 1 | 0 |
_aNietzsche, Friedrich Wilhelm, _d1844-1900 _9116962 |
| 700 | 1 |
_aKundakçı, Durdu _etranslator _9141105 |
|
| 942 |
_2lcc _cBK |
||
| 999 |
_c200461800 _d80012 |
||